00685 2200241 4500001002100000005001500021035002000036245010500056100002000161250000600181300003500187700002600222260004700248082001000295084001600305020001800321650001900339990001700358990001700375990001700392990001700409990001700426INLIS00000000000061820190118035831 a0010-01190000741 aSeri Kesehatan :bMengenal Jahe dan Khasiatnya /cTanti Setiawati; Penyunting, Hari Fakhrudin, S.Sos0 aTanti Setiawati a- aiv, 52 hlm. :bilus. ;c21 cm.0 aHari Fakhrudin, S.Sos aJakarta :bCV Karya Mandiri Pratama,c2007 a635.7 a635.7 TAN s a979-004-025-3 aTanaman Herbal a02279/P/2018 a02280/P/2018 a02281/P/2018 a02282/P/2018 a02283/P/2018